|
|
|
|
| LEADER |
00000nab a2200000 a 4500 |
| 001 |
vtls000742892 |
| 003 |
SK-MaSNL |
| 005 |
20260304035536.0 |
| 008 |
140228c2000 xo 0 slo |
| 015 |
|
|
|a SNBRB2001/01-01859
|
| 035 |
|
|
|a CLN000094730
|
| 040 |
|
|
|a SNKBUCL
|b slo
|c SNKBUCL
|e AACR2
|
| 041 |
0 |
|
|a slo
|
| 044 |
|
|
|a xo
|c SK
|
| 080 |
|
|
|a 631(437.6):339.96:354.83
|2 1997
|
| 080 |
|
|
|a 332.1(437.6):339.96
|2 1997
|
| 080 |
|
|
|a 339.96(437.6)
|2 1997
|
| 080 |
|
|
|a 354.83(437.6)
|2 1997
|
| 100 |
1 |
|
|a Peňkovský, Geňo
|4 ain
|9 838737
|
| 245 |
1 |
0 |
|a Peniaze z fondov EÚ dostanú len žiadatelia schopní odborne ich využiť
|b s Ing. Vadimom Harajom, generálnym riaditeľom Sekcie štrukturálnej politiky a rozvoja vidieka MP SR
|c zhováral sa Geňo Peňkovský
|
| 300 |
|
|
|b Fotogr.
|
| 610 |
1 |
7 |
|a Slovensko.
|b Ministerstvo pôdohospodárstva
|2 snkbucl
|9 115174
|
| 610 |
2 |
7 |
|a SAPARD (program)
|2 snkbucl
|9 28719
|
| 610 |
2 |
7 |
|a Európska únia
|2 snkbucl
|9 29861
|
| 650 |
0 |
7 |
|a poľnohospodárstvo
|z Slovensko
|x SAPARD (program)
|2 snkbucl
|9 844568
|
| 655 |
|
7 |
|a články z novín a časopisov
|2 snkbucl
|9 267496
|
| 700 |
1 |
|
|a Haraj, Vadim
|4 aut
|9 359819
|
| 773 |
0 |
|
|t Hospodárske noviny
|g Roč. 8, č. 242 (19.12.2000), s. 6
|x 1335-4701
|
| 850 |
|
|
|a Slovenská národná knižnica v Martine
|
| 852 |
|
|
|a SNK
|b KIS3GCP
|
| 958 |
|
|
|a SK
|
| 992 |
|
|
|a RBX
|
| 999 |
|
|
|c 2658708
|d 2660638
|